000 00832 a2200229 4500
008 240605b mp ||||| |||| 00| 0 mon d
020 _a978-99973-1-098-9
035 _a5058
040 _aHE0623081
_bmon
_cMN-UlNLM
_dMN-UlNLM
_erda
041 _amon
042 _a8609
084 _2NNA
_a75.7
_bС.652
100 _aСтабес Рэй.
245 0 _aСпорт ном
264 _aУБ.
_bМонсудар ХГ
_c2014
300 _a455х.
336 _2rdacontent
_atext
_btxt
337 _2rdamedia
_aunmediated
_bn
338 _2rdacarrier
_avolume
_bnc
650 _aЭнэ номонд 200 гаруй спортын төрлийн талаар дурдсан байна. Энд таны спортын шинэ хүрээг танилцуулж , та гэнэт л цоо шинэ зүйлсий...
942 _2NNA
_cBK
999 _c877422
_d877479